[Event "Champagne-chT"]
[Site "Ardennes"]
[Date "2005.05.05"]
[Round "4"]
[White "Mahan, Robert"]
[Black "Kerlau, Gildas"]
[Result "0-1"]
[WhiteElo "1422"]
[BlackElo "1740"]
[PlyCount "44"]
[EventDate "2005.05.05"]
[EventType "team"]
[EventRounds "8"]
[EventCountry "FRA"]
[SourceTitle "EXT 2007"]
[Source "ChessBase"]
[SourceDate "2006.11.23"]
[SourceVersion "1"]
[SourceVersionDate "2006.11.23"]
[SourceQuality "1"]

1. e4 d6 2. d4 Nf6 3. Nc3 g6 4. Bc4 Bg7 5. Nf3 0-0 6. 0-0 Nxe4 7. Bxf7+ Rxf7 8. Nxe4 Bg4 9. Neg5 Rf5 10. Ne6 Qd7 11. Nxg7 Kxg7 12. Qd3 Bxf3 13. gxf3 Nc6 14. Qc3 Kg8 15. Re1 Raf8 16. f4 Rh5 17. Kh1 Rff5 18. Rg1 Qe6 19. f3 Qd5 20. Rd1 Rh3 21. Kg2 Rhh5 22. Rh1 Nxd4 0-1